Multikulturalita, niektoré prístupy a problémy
Konštituovanie novej kultúrnej mnohosti v Európe. Osobná sloboda a všeobecná rovnosť národov a národností. Ideál multikulturality. Asimilacionistický prístup k menšinám vo Francúzsku. Prístup k mešinám v Nemecku. Britský model hierarchického kultúrneho pluralizmu.
Guardado en:
| Autor principal: | |
|---|---|
| Formato: | Capítulo de libro |
| Lenguaje: | eslovaco |
| Materias: | |
| Etiquetas: |
Sin Etiquetas, Sea el primero en etiquetar este registro!
|
MARC
| LEADER | 00000naa$a2200000$$$4500 | ||
|---|---|---|---|
| 001 | 0053078 | ||
| 005 | 20240611082334.2 | ||
| 041 | 0 | |a slo | |
| 044 | |a SK | ||
| 245 | 1 | 0 | |a Multikulturalita, niektoré prístupy a problémy |c Milan Márton |
| 520 | |a Konštituovanie novej kultúrnej mnohosti v Európe. Osobná sloboda a všeobecná rovnosť národov a národností. Ideál multikulturality. Asimilacionistický prístup k menšinám vo Francúzsku. Prístup k mešinám v Nemecku. Britský model hierarchického kultúrneho pluralizmu. | ||
| 610 | 2 | 0 | |a národ |
| 610 | 2 | 0 | |a národnosti |
| 610 | 2 | 0 | |a menšiny národnostné |
| 610 | 2 | 0 | |a práva ľudské |
| 610 | 2 | 0 | |a kultúra |
| 610 | 2 | 0 | |a história |
| 610 | 2 | 0 | |a migrácia |
| 610 | 2 | 0 | |a pluralizmus |
| 610 | 2 | 0 | |a individualizmus |
| 100 | 1 | |a Márton, Milan | |